Manshū kyūkan chōsa hōkokusho zenpen no uchi Naimufu kansō.

Saved in:
Bibliographic Details
Corporate Author: Minami Manshū Tetsudō Kabushiki Kaisha. Chōsaka.
Other Authors: Amagai, Kenzaburō, 1884-
Format: Book
Language:Japanese
Published: [Dairen] : Minami Manshū Tetsudō Kabushiki Kaisha Chōsaka, Taishō 3 [1914]
Subjects:
Tags: Add Tag
No Tags, Be the first to tag this record!
LEADER 01244nam a2200325 a 4500
001 007770036-8
005 20024617122053.0
008 960924s1914 cc b 000 0 jpn c
010 |a 95471065 /AJ 
035 0 |a ocm35859706 
040 |a DLC-R  |c DLC  |d *YNH*  |d CStRLIN 
041 0 |a jpnchi 
043 |a a-cc--- 
050 0 0 |a HD929.M36  |b M336 1914 
245 0 0 |6 880-01  |a Manshū kyūkan chōsa hōkokusho zenpen no uchi Naimufu kansō. 
246 3 0 |6 880-02  |a Naimufu kansō 
260 |6 880-03  |a [Dairen] :  |b Minami Manshū Tetsudō Kabushiki Kaisha Chōsaka,  |c Taishō 3 [1914] 
300 |a 1, 3, 9, 263, 145 p. :  |b map ;  |c 26 cm. 
500 |a Compiled by Amakai Kenzaburō. Cf. Pref. 
546 |a Japanese and Chinese. 
650 0 |a Public lands  |z China  |z Manchuria. 
700 1 |6 880-04  |a Amagai, Kenzaburō,  |d 1884- 
710 2 |6 880-05  |a Minami Manshū Tetsudō Kabushiki Kaisha.  |b Chōsaka. 
880 0 0 |6 245-01  |a 滿洲舊慣調查報告書前篇ノ内内務府官莊. 
880 3 0 |6 246-02  |a 内務府官莊 
880 |6 260-03  |a [Dairen] :  |b 南滿洲鐵道株式會社調查課,  |c 大正 3 [1914] 
880 1 |6 700-04  |a 天海謙三郎,  |d 1884- 
880 2 |6 710-05  |a 南滿洲鐵道株式會社.  |b 調查課. 
988 |a 20021220 
906 |0 OCLC